00282nam a2200097Ia 4500008004100000082001600041100002100057245003100078260005800109300001700167230907s9999||||xx |||||||||||||| ||und|| a320.95bHUA aHuang, Xiaoming. 0aPolitics in Pacific Asia : aPalgrave Macmillan,bBasingstoke ; | New York :c2009 axv, 272 p. :